000 00707nam a2200241 a 4500
001 72265
003 BD-RjUL
005 20211209082235.0
008 170516r19551953enka 001 0 eng d
035 _a(BD-RjUL)72482
040 _aDLC
_cMiMarqN
_dDLC
_dBD-RjUL
_beng
041 _aeng
082 _a547
_bTAO 1945
_223
100 1 _aTaylor, F. Sherwood
_q(Frank Sherwood),
_d1897-1956.
_921816
245 1 0 _aOrganic chemistry /
_cby F. Sherwood Taylor.
250 _a5th ed.
260 _aLondon :
_bW. Heinemann ltd.,
_cc1953 [reprinted1955].
300 _axi, 612 p. :
_bill. ;
_c23 cm.
500 _aIncludes index.
650 0 _aChemistry, Organic.
_935263
942 _2ddc
_cBK
999 _c72265
_d72265